000 00915nam a2200325 a 4500
003 AR-BaBNM
005 20251128205950.0
008 082120s2002 ||||||||||||||000 | spa||
020 _a84-605-2108-7
040 _cAR-BaBNM
100 1 _aDudeney, Henry E.
245 0 0 _aLos gatos del hechicero
_by nuevas diversiones matemáticas
260 _aMadrid
_bJuegos
_bZugarto Ediciones
_c1995
300 _a181 p.
_bil.
490 0 _aDe mente
_vv. 19
650 4 _aJUEGO
650 4 _aJUEGOS EDUCATIVOS
650 4 _aMATEMATICA
650 4 _aJUEGO [METODO DE ENSEÑANZA]
650 4 _aMETODOS ACTIVOS
650 4 _aACTIVIDADES DE APRENDIZAJE
650 4 _aLOGICA
650 4 _aPRUEBAS DE INTELIGENCIA
700 1 _aGardini, Carlos
_etraductor
700 1 _aUribe, Diego
_eeditor
800 1 _aPoniachik, Jaime
_edirector
800 1 _aSamoilovich, Daniel
_edirector
942 _cBK
998 _cMARTIN
999 _c13513
_d13513